000
00346nam a2200145Ia 4500
008
220216s9999 xx 000 0 und d
100
_a
Prasannakumari P
245
0
_a
Valamideel-Samayavum reethiyum
260
_b
Rubber
_c
2019
300
_a
9-Jul
650
_a
Fertilizer application
650
_a
RubSIS
700
_a
Jessy M.D
942
_c
BS
999
_c
48643
_d
48643